01006nam a2200229 a 450000100100000000500170001000800410002704000250006808200160009310000300010924500740013926000410021330000200025450400270027459000260030165000340032791000370036195201280039895201140052695201190064099900170075900001814320200929165355.0100319s19uu dr 000 0 spa d aDO-SdBNPbspacBNPHU a468.1bZ88m1 aZorrilla, Mercedes93637810aManual de ortografía :bteoría y práctica /cMercedes Zorrilla. a[Santo Domingo?] :b[s.n.],c[19--]. a51 p. ;c22 cm. aBibliografía : p. 51 aInventariado, 2018/LP 4aEspañolxOrtografía91453 aValidado. Control de calidad MFF 001054708DSaGRbGRcHDd2012-03-13iLF1l0o468.1 Z88mp18143-30r2020-06-25te.3w2020-06-25yLFDSZPréstamo en sala 0010718PDaPDbPDcHDd2010-04-16iLF1l0o468.1 Z88mp18143-10r2020-06-25w2020-06-25yLFPDZNo se presta 0010718PDaPDbPDcHDd2011-11-23iLF1l0o468.1 Z88mp18143-20r2020-06-25te.2w2020-06-25yLFPDZNo se presta c17664d17664